College Quizbowl Stats
College Quizbowl Stats
Circuits
Seasons
Sets
Records
Detailed Stats
About
Loading...
2024 ACF Nationals
Tossups
Bonuses
Players
Teams
Categories (Tossup)
Categories (Bonus)
Brian Lai
Virginia A
Categories
Category
Powers
Gets
Negs
BBs
Points
Earliest Buzz
Avg. Buzz
First Buzzes
Top 3 Buzzes
Science - Physics
0
2
1
1
15
129
131.00
0
0
Geography
0
1
0
0
10
57
57.00
0
0
Science - Biology
0
1
0
0
10
124
124.00
0
0
Science - Other Science
0
1
0
1
10
133
133.00
0
0
Philosophy
0
0
0
0
0
0.00
0
0
Buzzes
Category
Answer
Value
Buzz Position
Geography
Svalbard
10
57
Science - Physics
partial time derivative
-5
106
Science - Biology
mycorrhizae
10
124
Science - Physics
Einstein field equations
10
129
Science - Physics
neutrinos
10
133
Science - Other Science
irrational
10
133
Science - Other Science
scale factor
0
134
Philosophy
fictional
0
144
Previous
1
Next